LEADER 01243cam0-2200361---450- 001 990009458740403321 005 20121220120513.0 010 $a978-88-88904-11-5 035 $a000945874 035 $aFED01000945874 035 $a(Aleph)000945874FED01 035 $a000945874 100 $a20111020d2007----km-y0itay50------ba 101 0 $aita 102 $aIT 105 $ay-------001yy 200 1 $aAll'origine di una burocrazia moderna$eil personale del Ministero delle Finanze nel Mezzogiorno di primo Ottocento$fMaria Rosaria Rescigno 210 $aNapoli$cClioPress$d2007 215 $a131 p.$d21 cm 225 1 $aSaggi$fUniversità degli studi di Napoli Federico II, Dipartimento di discipline storiche E. Lepore$v6 610 0 $aRegno di Napoli <1266-1815>$aBurocrazia$aSec. 19. 610 0 $aImpiegati pubblici$aRegno di Napoli <1266-1815>$aSec. 19. 676 $a352.63 700 1$aRescigno,$bMaria Rosaria$0513649 801 0$aIT$bUNINA$gREICAT$2UNIMARC 901 $aBK 912 $a990009458740403321 952 $aUniv. 296 (6)$b48094$fFSPBC 952 $a352.63 RES 1$bDip.Disc.St.11554$fFLFBC 959 $aFLFBC 959 $aFSPBC 996 $aAll'origine di una burocrazia moderna$9761395 997 $aUNINA LEADER 00899nam0-22003371i-450- 001 990003981210403321 005 20031205125122.0 010 $a88-513-0155-7 035 $a000398121 035 $aFED01000398121 035 $a(Aleph)000398121FED01 035 $a000398121 100 $a20031124d2003----km-y0itay50------ba 101 0 $aita 102 $aIT 105 $aa---a---001yy 200 1 $aRapporto ecomafia 2003$fPiero Luigi Vigna 210 $aNapoli$cEsselibri$d2003 215 $a453 p.$d22 cm$ecd rom 225 1 $aLegambiente 610 0 $aRifiuti urbani 610 0 $aRacket degli animali 676 $a048.003 700 1$aVigna,$bPiero Luigi$f<1933-2012>$0356810 801 0$aIT$bUNINA$gRICA$2UNIMARC 901 $aBK 912 $a990003981210403321 952 $a048.003.RAP$b5143$fDECGE 959 $aDECGE 996 $aRapporto ecomafia 2003$9473563 997 $aUNINA